00794cam a2200241 i 4500003000900000005001700009007000300026008004100029020001500070040003000085082002800115100004700143245005000190264005200240300002900292336002700321337003300348338002800381490002500409500007600434650001900510650002300529DO-SdBNP20240624152215.0ta240620s2001 sp 000 0 spa d a8484037193 aDO-SdBNPbspacBNPHUerda a823.8bS847is, 20012221 aStevenson, Robert Louis,b1850-1894eautor13aLa isla del tesoro /cRobert Louis Stevenson. 1aMadrid, España :bEstudio Didáctico,c2001. a191 p.áginas ;c20 cm. 2rdacontentatextobtxt 2rdamediaasin mediaciónbn 2rdacarrieravolumenbnc aSelección Aventura aIncluye datos biográficos del autor en la solapa de la contracubierta 4aNovela inglesa 4aLiteratura inglesa